[Event "Box Hill CC-ch"]
[Site "Box Hill"]
[Date "2000.06.30"]
[Round "9.17"]
[White "Comopoulos, George"]
[Black "Weerasinghe, Malith"]
[Result "1-0"]
[WhiteElo "1600"]
[BlackElo "1422"]
[PlyCount "71"]
[EventDate "2000.??.??"]
[EventType "swiss"]
[EventRounds "9"]
[EventCountry "AUS"]
[SourceTitle "EXT 2003"]
[Source "ChessBase"]
[SourceDate "2002.11.25"]
[SourceVersion "1"]
[SourceVersionDate "2002.11.25"]
[SourceQuality "1"]

1. e4 c5 2. Nf3 Nc6 3. d4 cxd4 4. Nxd4 e5 5. Nf3 a6 6. Nc3 Bb4 7. a3 Ba5 8. Bc4 Bxc3+ 9. bxc3 h6 10. 0-0 Nf6 11. a4 0-0 12. Ba3 Re8 13. Re1 b6 14. Bd6 Ra7 15. Qb1 Na5 16. Ba2 Nh7 17. Nxe5 Ng5 18. f4 Rxe5 19. fxe5 Bb7 20. Bd5 Bxd5 21. exd5 Nc4 22. Qd1 Nxd6 23. exd6 Ra8 24. Qd4 Rb8 25. Re7 b5 26. axb5 Rxb5 27. h4 Nh7 28. c4 Rb7 29. c5 Nf6 30. c6 dxc6 31. Rxb7 Qxd6 32. Rab1 cxd5 33. c4 Qg3 34. Qf2 Qd3 35. cxd5 Kh7 36. Rf1 1-0

[Event "Box Hill CC-ch"]
[Site "Box Hill"]
[Date "2000.06.23"]
[Round "8.17"]
[White "Papa, James"]
[Black "Comopoulos, George"]
[Result "1/2-1/2"]
[WhiteElo "1350"]
[BlackElo "1600"]
[PlyCount "112"]
[EventDate "2000.??.??"]
[EventType "swiss"]
[EventRounds "9"]
[EventCountry "AUS"]
[SourceTitle "EXT 2003"]
[Source "ChessBase"]
[SourceDate "2002.11.25"]
[SourceVersion "1"]
[SourceVersionDate "2002.11.25"]
[SourceQuality "1"]

1. d4 e6 2. c4 d5 3. Nc3 Nf6 4. Bg5 Be7 5. e3 c6 6. Nf3 0-0 7. Bd3 dxc4 8. Bxc4 Nd5 9. Bxe7 Qxe7 10. 0-0 Nd7 11. Nxd5 exd5 12. Bd3 Nf6 13. Nd2 Bd7 14. Qb3 a5 15. Qb6 Rfb8 16. Nb3 Qd8 17. Qxd8+ Rxd8 18. Nc5 Bc8 19. Rfc1 a4 20. a3 b6 21. Nxa4 Rxa4 22. Rxc6 Be6 23. Rxb6 Raa8 24. Rc1 Rdc8 25. Rbc6 Rxc6 26. Rxc6 Rc8 27. Rxc8+ Bxc8 28. Kf1 Nd7 29. Ke2 Nb6 30. b3 Kf8 31. Kd2 h6 32. Kc3 Ke7 33. Kb4 Kd6 34. Kb5 Na8 35. a4 Kc7 36. Kc5 Kb7 37. b4 Nc7 38. b5 Ne6+ 39. Kxd5 Kb6 40. Kc4 Ka5 41. Kb3 Nc7 42. Be4 Be6+ 43. Ka3 Bd5 44. Bxd5 Nxd5 45. Kb3 Nb6 46. e4 Nxa4 47. Kc4 Kb6 48. f3 Kc7 49. f4 Nb6+ 50. Kc5 Nd7+ 51. Kc4 Kd6 52. g4 Nb6+ 53. Kb4 Kc7 54. h4 g6 55. Kc3 Nd7 56. Kc4 Nb6+ 1/2-1/2

[Event "Box Hill CC-ch"]
[Site "Box Hill"]
[Date "2000.06.09"]
[Round "6.20"]
[White "Doidge, Liam"]
[Black "Comopoulos, George"]
[Result "0-1"]
[WhiteElo "1069"]
[BlackElo "1600"]
[PlyCount "40"]
[EventDate "2000.??.??"]
[EventType "swiss"]
[EventRounds "9"]
[EventCountry "AUS"]
[SourceTitle "EXT 2003"]
[Source "ChessBase"]
[SourceDate "2002.11.25"]
[SourceVersion "1"]
[SourceVersionDate "2002.11.25"]
[SourceQuality "1"]

1. e4 e6 2. d4 d5 3. e5 c5 4. Nf3 Nc6 5. Be3 Qb6 6. b3 f6 7. exf6 Nxf6 8. Nc3 cxd4 9. Bxd4 Nxd4 10. Nxd4 Bb4 11. Qd3 Bd7 12. 0-0-0 0-0 13. Nf3 Bxc3 14. Nd2 Bxd2+ 15. Rxd2 Ne4 16. Qe3 Qxe3 17. fxe3 Nxd2 18. Kxd2 Rf2+ 19. Kc1 Raf8 20. Bd3 Rxg2 0-1

[Event "Box Hill Rainbow-ch"]
[Site "Box Hill"]
[Date "2000.05.16"]
[Round "3.5"]
[White "Comopoulos, George"]
[Black "Stanning, Trevor"]
[Result "1-0"]
[WhiteElo "1600"]
[BlackElo "1581"]
[PlyCount "45"]
[EventDate "2000.??.??"]
[EventType "swiss"]
[EventRounds "6"]
[EventCountry "AUS"]
[SourceTitle "EXT 2003"]
[Source "ChessBase"]
[SourceDate "2002.11.25"]
[SourceVersion "1"]
[SourceVersionDate "2002.11.25"]
[SourceQuality "1"]

1. e4 d5 2. exd5 Nf6 3. d4 g6 4. Nf3 Bg7 5. Be2 Nxd5 6. c4 Nb6 7. 0-0 0-0 8. Nc3 Nc6 9. Be3 Bg4 10. d5 Bxf3 11. Bxf3 Na5 12. Bxb6 cxb6 13. Qd3 Rc8 14. b3 e5 15. Rac1 f5 16. Be2 a6 17. Na4 Qd6 18. Rc2 Qb4 19. Qc3 Qxc3 20. Rxc3 Rf6 21. b4 b5 22. cxb5 Rxc3 23. Nxc3 1-0